Design of a novel chaotic cryptographic system based on nonlinear dynamics / (Record no. 210248)

000 -LEADER
fixed length control field 00799 a2200193 4500
003 - CONTROL NUMBER IDENTIFIER
control field Nust
005 - DATE AND TIME OF LATEST TRANSACTION
control field 20240227120328.0
040 ## - CATALOGING SOURCE
Transcribing agency Nust
082 ## - DEWEY DECIMAL CLASSIFICATION NUMBER
Classification number 621.382
100 ## - MAIN ENTRY--PERSONAL NAME
Personal name Anees,Amir (MSEE-17)
9 (RLIN) 121481
245 ## - TITLE STATEMENT
Title Design of a novel chaotic cryptographic system based on nonlinear dynamics /
Statement of responsibility, etc. NC Amir Anees
260 ## - PUBLICATION, DISTRIBUTION, ETC.
Place of publication, distribution, etc. Rawalpindi
Name of publisher, distributor, etc. NUST,MCS
Date of publication, distribution, etc. Feb,2014
300 ## - PHYSICAL DESCRIPTION
Extent ix,74,p;
505 ## - FORMATTED CONTENTS NOTE
Formatted contents note Introduction (page-1) Chaos (page-1) Security systems (page-28) A Chaotic subctitution tchnique for cryptographic algorithms (page-40) A technique for digital watermarking in combined spatial and transform domains using chaotic maps (page-60) Conclusion and future work (page-68)
538 ## - SYSTEM DETAILS NOTE
System details note Almirah No,69 Shelf No,3
650 ## - SUBJECT ADDED ENTRY--TOPICAL TERM
Topical term or geographic name entry element PG Thesis
9 (RLIN) 35000
651 ## - SUBJECT ADDED ENTRY--GEOGRAPHIC NAME
Geographic name MSEE-17
9 (RLIN) 35169
942 ## - ADDED ENTRY ELEMENTS (KOHA)
Koha item type Thesis
Source of classification or shelving scheme
Holdings
Withdrawn status Lost status Source of classification or shelving scheme Damaged status Not for loan Permanent Location Current Location Shelving location Date acquired Full call number Barcode Date last seen Price effective from Koha item type Public note
          Military College of Signals (MCS) Military College of Signals (MCS) Thesis 12/12/2016 621.382,ANE MCSTEE-201A 12/08/2016 12/12/2016 Book Only Hard Copy Available
© 2023 Central Library, National University of Sciences and Technology. All Rights Reserved.